| 000 | 00560nam a2200205Ia 4500 | ||
|---|---|---|---|
| 005 | 20250425160931.0 | ||
| 008 | 250425s9999 xx 000 0 und d | ||
| 020 | _a0849304660 | ||
| 041 | _aeng | ||
| 082 | _a540.2 | ||
| 100 | _aWEAST, ROBERT C. | ||
| 245 | 0 | _aCRC HANDBOOK OF CHEMISTRY AND PHYSICS: A READY-REFERENCE BOOK OF CHEMICAL AND PHYSICAL DATA (66TH ED.) | |
| 250 | _a66TH ED. | ||
| 260 | _aBOCA RATON | ||
| 260 |
_aEstados Unidos _bCRC PRESS _c1985 |
||
| 300 | _a1604 | ||
| 650 | _aDICCIONARIO DE QUIMICA | ||
| 942 | _c01 | ||
| 010 | _a8705 | ||
| 999 |
_c199142 _d199142 |
||